[Event "Srpska Republic-ch"]
[Site "Prijedor"]
[Date "2012.12.29"]
[Round "5"]
[White "Batinic, Predrag"]
[Black "Jakovljevic, Vlado"]
[Result "1/2-1/2"]
[WhiteElo "2310"]
[BlackElo "2404"]
[PlyCount "104"]
[EventDate "2012.12.27"]
[EventType "swiss"]
[EventRounds "7"]
[EventCountry "BIH"]
[SourceTitle "CBM 152 Extra"]
[Source "ChessBase"]
[SourceDate "2013.02.25"]
[SourceVersion "1"]
[SourceVersionDate "2013.02.25"]
[SourceQuality "1"]

1. Nf3 Nf6 2. g3 d5 3. Bg2 g6 4. c4 dxc4 5. Qa4+ Nfd7 6. h4 h6 7. 0-0 Bg7 8. Qxc4 Nb6 9. Qc2 Nc6 10. d3 e5 11. Nbd2 Bg4 12. Nb3 Rb8 13. Bd2 0-0 14. a4 a6 15. Rfe1 Nd5 16. Qc4 Be6 17. Qc1 Kh7 18. Nc5 Qe8 19. Nxe6 Qxe6 20. Qc4 Rfd8 21. Rac1 Rd6 22. b4 b5 23. axb5 Rxb5 24. Nh2 Bf8 25. h5 gxh5 26. Qh4 Qg6 27. Rc4 Nde7 28. g4 f5 29. gxf5 Nxf5 30. Qe4 Ncd4 31. Rxc7+ Bg7 32. Kh1 Ne6 33. Bh3 Ng3+ 34. fxg3 Qxe4+ 35. dxe4 Nxc7 36. Nf3 Ne6 37. Bf5+ Kg8 38. Rc1 Rb8 39. Be1 Rbd8 40. Kg2 Nd4 41. Nxd4 exd4 42. Bd2 d3 43. exd3 Rxd3 44. Bf4 Kh8 45. Rc6 Ra3 46. Bg6 Ra2+ 47. Kh3 Rb2 48. Rxa6 Rxb4 49. Kh4 Rb1 50. Kxh5 Rh1+ 51. Kg4 Rhd1 52. Bf5 Re1 1/2-1/2

[Event "Srpska Republic-ch"]
[Site "Prijedor"]
[Date "2012.12.28"]
[Round "3"]
[White "Batinic, Predrag"]
[Black "Savic, Miodrag R"]
[Result "1/2-1/2"]
[WhiteElo "2310"]
[BlackElo "2543"]
[PlyCount "80"]
[EventDate "2012.12.27"]
[EventType "swiss"]
[EventRounds "7"]
[EventCountry "BIH"]
[SourceTitle "CBM 152 Extra"]
[Source "ChessBase"]
[SourceDate "2013.02.25"]
[SourceVersion "1"]
[SourceVersionDate "2013.02.25"]
[SourceQuality "1"]

1. Nf3 d5 2. g3 Nf6 3. Bg2 g6 4. 0-0 Bg7 5. c4 0-0 6. cxd5 Nxd5 7. Nc3 c6 8. d4 Nb6 9. Bf4 Bg4 10. Ne5 Be6 11. b3 N8d7 12. Nf3 Nd5 13. Bd2 Nxc3 14. Bxc3 Bd5 15. Nd2 Bxg2 16. Kxg2 Nf6 17. e4 Ne8 18. Nc4 Nc7 19. Bb2 Nb5 20. e5 Qd5+ 21. Qf3 Rad8 22. Rad1 Qxf3+ 23. Kxf3 f6 24. Ke3 Rd7 25. f4 Rfd8 26. Rd2 Kf7 27. g4 Nc7 28. h4 f5 29. h5 Ne6 30. hxg6+ hxg6 31. gxf5 gxf5 32. Rh1 Rh8 33. Rxh8 Bxh8 34. Kf3 Bg7 35. Ne3 Bh6 36. Nxf5 Bxf4 37. Rf2 Kg6 38. Nh4+ Kh5 39. Nf5 Kg6 40. Nh4+ Kh5 1/2-1/2

[Event "EU-Cup 27th"]
[Site "Rogaska Slatina"]
[Date "2011.09.27"]
[Round "3"]
[White "Batinic, Predrag"]
[Black "Linnanen, Lassi"]
[Result "1-0"]
[WhiteElo "2314"]
[BlackElo "2168"]
[PlyCount "65"]
[EventDate "2011.09.25"]
[EventType "team-swiss"]
[EventRounds "7"]
[EventCountry "SLO"]
[SourceTitle "CBM 145"]
[Source "ChessBase"]
[SourceDate "2011.11.11"]
[SourceVersion "1"]
[SourceVersionDate "2011.11.11"]
[SourceQuality "1"]
[WhiteTeam "Glasinac"]
[BlackTeam "Aatos"]
[WhiteTeamCountry "BIH"]
[BlackTeamCountry "FIN"]

1. Nf3 Nf6 2. g3 b6 3. Bg2 Bb7 4. 0-0 e6 5. b3 Be7 6. Bb2 0-0 7. c4 c5 8. Nc3 d6 9. d4 cxd4 10. Qxd4 a6 11. Rfd1 Nbd7 12. Rac1 Qc7 13. h3 Rfd8 14. g4 Rac8 15. g5 Ne8 16. h4 Qb8 17. Qe3 Qa8 18. Nd5 Bf8 19. Nxb6 Nxb6 20. Qxb6 Rc5 21. b4 Rc6 22. Qe3 Rc7 23. h5 Qc8 24. g6 hxg6 25. hxg6 fxg6 26. Bh3 Re7 27. Ng5 Nc7 28. Qf4 Ne8 29. c5 d5 30. Bxe6+ Qxe6 31. Nxe6 Rxe6 32. Qg4 Re4 33. Qxe4 1-0